书目信息 |
| 题名: |
《论语》的文学艺术新诠
|
|
| 作者: | 杨机红 著 | |
| 分册: | ||
| 出版信息: | 北京 中国书籍出版社 2019 |
|
| 页数: | 259页 | |
| 开本: | 24cm | |
| 丛书名: | 百家文库 | |
| 单 册: | ||
| 中图分类: | B222.25 , I206.2 | |
| 科图分类: | ||
| 主题词: | 儒家--经籍--文学研究 | |
| 电子资源: | ||
| ISBN: | 978-7-5068-7198-3 | |
| 000 | 01496oam2 2200289 450 | |
| 001 | 012001012027 | |
| 005 | 20140103153337.0 | |
| 010 | @a978-7-5068-7198-3@b精装@dCNY78.00 | |
| 100 | @a20190508d2019 em y0chiy50 ea | |
| 101 | 0 | @achi |
| 102 | @aCN@b110000 | |
| 105 | @ay z 000yy | |
| 106 | @ar | |
| 200 | 1 | @a《论语》的文学艺术新诠@9《lun yu》de wen xue yi shu xin quan@f杨机红著 |
| 210 | @a北京@c中国书籍出版社@d2019 | |
| 215 | @a259页@d24cm | |
| 225 | 1 | @a百家文库 |
| 314 | @a杨机红,1985年7月,毕业于华东师范大学汉语言文学系;1985年7月至今,任教于山东大学威海文化传播学院汉语言文学系;1991年9月至1992年9月,至复旦大学汉语言文学系学习。本人任教期间,主要从事中国古典文学与文化的教学工作,研究方向以先秦两汉时期的文学与文化为主,期间就相关领域的问题发表部分的研究成果。2016年,出版专著《荀子浅绎》。 | |
| 330 | @a本书主要分作上中下三个部分,探讨《论语》的文学艺术表现等问题。其中:1、上编:《论语》与孔子作为第一部分,主要就与本书相关的《论语》研究的系列问题,作追本清源的工作。具体涵盖《论语》的命名、作者、成书时间与《论语》的思想研究等内容,是本书随后研究的基础内容。2、中编:《论语》的文学思想作为承上启下性质的第二部分,内容主要讨论《论语》的文学观念问题,涉及文学概念的界定、孔子与孔子弟子等的文学思想等。 | |
| 461 | 0 | @12001 @a百家文库 |
| 605 | @a《论语》@x文学研究 | |
| 606 | 0 | @a儒家@x经籍@x文学研究 |
| 690 | @aB222.25@v5 | |
| 690 | @aI206.2@v5 | |
| 701 | 0 | @a杨机红@9yang ji hong@4著 |
| 801 | 0 | @aCN@b上海新华@c20191020 |
| 905 | @b1139278-81@dB222.25@e929@f4 | |
| 《论语》的文学艺术新诠/杨机红著.-北京:中国书籍出版社,2019 |
| 259页;24cm.-(百家文库) |
| ISBN 978-7-5068-7198-3(精装):CNY78.00 |
| 本书主要分作上中下三个部分,探讨《论语》的文学艺术表现等问题。其中:1、上编:《论语》与孔子作为第一部分,主要就与本书相关的《论语》研究的系列问题,作追本清源的工作。具体涵盖《论语》的命名、作者、成书时间与《论语》的思想研究等内容,是本书随后研究的基础内容。2、中编:《论语》的文学思想作为承上启下性质的第二部分,内容主要讨论《论语》的文学观念问题,涉及文学概念的界定、孔子与孔子弟子等的文学思想等。 |
| ● |
| 相关链接 |
|
|
|
|
正题名:《论语》的文学艺术新诠
索取号:B222.25/929
 
预约/预借
| 序号 | 登录号 | 条形码 | 馆藏地/架位号 | 状态 | 备注 |
| 1 | 1139278 | 211392786 | 第一样本阅览室/ [索取号:B222.25/929] | 在馆 | |
| 2 | 1139279 | 211392795 | 第一借阅区/ [索取号:B222.25/929] | 在馆 | |
| 3 | 1139280 | 211392802 | 第一借阅区/ [索取号:B222.25/929] | 在馆 | |
| 4 | 1139281 | 211392811 | 第一借阅区/ [索取号:B222.25/929] | 在馆 |